00827nab a22002057a 4500003000400000005001700004008004100021040000700062100002300069245007700092260007200169300001100241500003800252505008900290650002000379650003700399650002400436650002800460773013300488OSt20260114010627.0190605e xxu||||| |||| 00| 0 spa d cPJ aLutereau, Tomás 10aDNU 70/2023 : b¿el trabajo registrado en peligro? /cTomás Lutereau. aCiudad Autónoma de Buenos Aires :bThomson Reuters La Ley,c2024. ap. 5-8 aCita: TR LALEY AR/DOC/105/2024.  t¿Te interesa el texto completo? Solicitalo al correo: koha@justierradelfuego.gov.ar 0aDERECHO LABORAL 0aDECRETOS DE NECESIDAD Y URGENCIA 0aCONTRATO DE TRABAJO 0aDERECHOS DEL TRABAJADOR0 02711dCiudad Autónoma de Buenos Aires : Thomson Reuters La Ley, 1999-2002.tRevista de derecho del trabajo. Nº 2 - Marzo 2024